[Event "8th Philadelphia Open"]
[Site "Philadelphia"]
[Date "2014.04.17"]
[Round "3.2"]
[White "Oleksienko, Mikhailo"]
[Black "Troff, Kayden"]
[Result "1/2-1/2"]
[WhiteElo "2618"]
[BlackElo "2477"]
[PlyCount "101"]
[EventDate "2014.04.??"]
[EventType "swiss"]
[EventRounds "9"]
[EventCountry "USA"]
[Source "MonRoi"]
[WhiteClock "0:14:39"]
[BlackClock "0:16:49"]

1. d4 Nf6 2. Nf3 g6 3. c4 Bg7 4. g3 c6 5. Bg2 O-O 6. O-O d5 7. Qb3 dxc4 8. Qxc4
Bf5 9. Nc3 Nbd7 10. e3 Qa5 11. Nh4 Nb6 12. Qe2 Bg4 13. Qc2 e5 14. b4 Qxb4 15.
dxe5 Nfd7 16. f4 f6 17. a4 Qc4 18. Ba3 Rfe8 19. Rac1 fxe5 20. a5 Qa6 21. f5 g5
22. Ne4 Nd5 23. Nxg5 Bf6 24. Qa4 Qd3 25. Qxg4 Qxe3+ 26. Kh1 Qxg5 27. Qc4 Kh8
28. Bxd5 cxd5 29. Qxd5 Qe3 30. Qxd7 Qxa3 31. Ng6+ hxg6 32. fxg6 Re7 33. Qh3+
Kg8 34. Rc8+ Rxc8 35. Qxc8+ Kg7 36. Qh3 Kg8 37. Qc8+ Kg7 38. Qh3 Kg8 39. Qf5
Qd6 40. Qxf6 Qxf6 41. Rxf6 Kg7 42. Rd6 e4 43. Kg2 a6 44. Kf2 Re5 45. h4 Rxa5
46. Rb6 Rf5+ 47. Ke3 Rf3+ 48. Kxe4 Rxg3 49. h5 Kh6 50. Kf4 Rg1 51. Rxb7 1/2-1/2

[Event "8th Philadelphia Open"]
[Site "Philadelphia"]
[Date "2014.04.17"]
[Round "3.3"]
[White "Harmon Vellotti, Luke"]
[Black "Panchanathan, Magesh"]
[Result "0-1"]
[WhiteElo "2399"]
[BlackElo "2557"]
[PlyCount "80"]
[EventDate "2014.04.??"]
[EventType "swiss"]
[EventRounds "9"]
[EventCountry "USA"]
[Source "MonRoi"]
[WhiteClock "0:01:17"]
[BlackClock "0:23:53"]

1. e4 e5 2. Nf3 Nc6 3. Bb5 a6 4. Ba4 Nf6 5. O-O Be7 6. d4 exd4 7. Re1 b5 8. e5
Nxe5 9. Nxe5 bxa4 10. Qxd4 O-O 11. Qxa4 Rb8 12. a3 Re8 13. Nc3 h6 14. Nd3 Bb7
15. Bf4 d6 16. Re2 Bf8 17. Rae1 Rxe2 18. Rxe2 Qc8 19. f3 c5 20. Qa5 Qd8 21.
Qxd8 Rxd8 22. Rd2 d5 23. Ne2 d4 24. Ne5 Re8 25. Nc4 Bd5 26. Nb6 Bc6 27. Kf2 Re6
28. Nc4 Bb5 29. Na5 Nd5 30. Bg3 Ne3 31. Nf4 Re8 32. c3 dxc3 33. bxc3 c4 34. Nb7
Nf5 35. Nd5 Bc6 36. Nc7 Rc8 37. Nd8 Bc5+ 38. Ke1 Nxg3 39. Nxa6 Be7 40. Nb8 Ba4
0-1

[Event "8th Philadelphia Open"]
[Site "Philadelphia"]
[Date "2014.04.17"]
[Round "3.4"]
[White "Dobrov, Vladimir"]
[Black "Xiong, Jeffrey"]
[Result "1-0"]
[WhiteElo "2511"]
[BlackElo "2421"]
[PlyCount "53"]
[EventDate "2014.04.??"]
[EventType "swiss"]
[EventRounds "9"]
[EventCountry "USA"]
[Source "MonRoi"]
[WhiteClock "0:27:32"]
[BlackClock "0:11:56"]

1. d4 Nf6 2. c4 e6 3. Nf3 d5 4. e3 Be7 5. b3 O-O 6. Bb2 dxc4 7. bxc4 c5 8. Nbd2
b6 9. Bd3 cxd4 10. exd4 Bb7 11. O-O Nc6 12. Rc1 Qd7 13. Qe2 Rfd8 14. Rfd1 Qe8
15. Bb1 a6 16. Ne4 Nb4 17. a3 Nxe4 18. Bxe4 Bxe4 19. Qxe4 Nc6 20. d5 exd5 21.
cxd5 Na5 22. Qg4 Qf8 23. Rc7 f5 24. Qh5 g6 25. Qh3 Rac8 26. Ng5 h5 27. Qc3 1-0

[Event "8th Philadelphia Open"]
[Site "Philadelphia"]
[Date "2014.04.17"]
[Round "3"]
[White "Sharma, Arun"]
[Black "Margvelashvili, Giorgi"]
[Result "1/2-1/2"]
[WhiteElo "2398"]
[BlackElo "2546"]
[PlyCount "38"]
[EventDate "2014.04.??"]
[EventType "swiss"]
[EventRounds "9"]
[EventCountry "USA"]
[Source "MonRoi"]

1. d4 Nf6 2. c4 e6 3. Nc3 Bb4 4. Qc2 d6 5. a3 Bxc3+ 6. Qxc3 Nbd7 7. Bg5 O-O 8.
e3 b6 9. Bd3 Bb7 10. f3 c5 11. Ne2 Rc8 12. O-O h6 13. Bh4 cxd4 14. Qxd4 Ne5 15.
b4 Nxd3 16. Qxd3 d5 17. cxd5 Qxd5 18. Qxd5 Nxd5 19. e4 Nc3 1/2-1/2

[Event "8th Philadelphia Open"]
[Site "Philadelphia"]
[Date "2014.04.17"]
[Round "3"]
[White "Abrahamyan, Tatev"]
[Black "Chirila, Ioan"]
[Result "0-1"]
[WhiteElo "2396"]
[BlackElo "2520"]
[PlyCount "78"]
[EventDate "2014.04.??"]
[EventType "swiss"]
[EventRounds "9"]
[EventCountry "USA"]
[Source "MonRoi"]

1. e4 e5 2. Nf3 Nc6 3. Bc4 Nf6 4. d3 Bc5 5. O-O d6 6. c3 a6 7. Bb3 Ba7 8. Nbd2
O-O 9. h3 Be6 10. Re1 h6 11. Bc2 Re8 12. Nf1 d5 13. Qe2 Qd6 14. Ng3 d4 15. Nh4
Ne7 16. Bd2 Rad8 17. Kh1 Qd7 18. Kh2 g5 19. Nf3 Ng6 20. cxd4 exd4 21. Bb3 c5
22. Bxe6 fxe6 23. e5 Nd5 24. Qe4 Ngf4 25. Ne2 Nxe2 26. Rxe2 Qh7 27. h4 Rd7 28.
Qg4 Qxd3 29. Re4 Rf7 30. hxg5 h5 31. Qh4 Rxf3 32. gxf3 Qxd2 33. Qxh5 Re7 34.
Qg6+ Kf8 35. Rh4 Qxf2+ 36. Kh3 Qxf3+ 37. Kh2 Qf2+ 38. Kh3 Nf4+ 39. Rxf4+ Qxf4
0-1

[Event "8th Philadelphia Open"]
[Site "Philadelphia"]
[Date "2014.04.17"]
[Round "3"]
[White "Friedel, Joshua"]
[Black "Gu, Christopher"]
[Result "1/2-1/2"]
[WhiteElo "2500"]
[BlackElo "2301"]
[PlyCount "68"]
[EventDate "2014.04.??"]
[EventType "swiss"]
[EventRounds "9"]
[EventCountry "USA"]
[Source "MonRoi"]

1. Nf3 d5 2. g3 c6 3. Bg2 Bg4 4. O-O Nd7 5. d3 e6 6. c4 Ngf6 7. cxd5 cxd5 8.
Nc3 Be7 9. e4 dxe4 10. dxe4 O-O 11. h3 Bxf3 12. Qxf3 Ne5 13. Qe2 Qd3 14. Re1
Bb4 15. f4 Qxe2 16. Rxe2 Bxc3 17. bxc3 Nc4 18. e5 Nd5 19. Bxd5 exd5 20. Rb1 b6
21. f5 Rfe8 22. Bf4 Nd6 23. Rd1 Nxf5 24. Rxd5 Rac8 25. Kf2 h5 26. a4 Re6 27.
Red2 Rxc3 28. Rd8+ Kh7 29. R8d7 Kg6 30. Rxa7 f6 31. exf6 gxf6 32. Rd8 Rc2+ 33.
Kf3 Rc3+ 34. Kf2 Rc2+ 1/2-1/2

[Event "8th Philadelphia Open"]
[Site "Philadelphia"]
[Date "2014.04.17"]
[Round "3"]
[White "Betaneli, Aleksandr"]
[Black "Paragua, Mark"]
[Result "0-1"]
[WhiteElo "2249"]
[BlackElo "2495"]
[PlyCount "84"]
[EventDate "2014.04.??"]
[EventType "swiss"]
[EventRounds "9"]
[EventCountry "USA"]
[Source "MonRoi"]

1. c4 g6 2. g3 Bg7 3. Bg2 Nf6 4. Nc3 O-O 5. e4 c5 6. Nge2 Nc6 7. d3 Ne8 8. O-O
Nc7 9. Be3 Ne6 10. Qd2 Ned4 11. f4 d6 12. Rf2 f5 13. Rff1 Rb8 14. Bf2 Qa5 15.
Rae1 Nxe2+ 16. Rxe2 Nd4 17. Bxd4 cxd4 18. Nd5 Qxd2 19. Rxd2 Kf7 20. exf5 Bxf5
21. Bf3 h5 22. a4 e6 23. Nb4 Bh6 24. Rdd1 Kg7 25. Kg2 a5 26. Nc2 e5 27. b3 Rbe8
28. fxe5 dxe5 29. Be4 h4 30. Rde1 h3+ 31. Kg1 b6 32. Rf2 Bg4 33. Rxf8 Rxf8 34.
Bd5 Bf5 35. Rd1 Be3+ 36. Nxe3 dxe3 37. Be4 Bxe4 38. dxe4 Rf2 39. Re1 Rg2+ 40.
Kf1 Rxh2 41. Rxe3 Rh1+ 42. Kf2 Rb1 0-1

[Event "8th Philadelphia Open"]
[Site "Philadelphia"]
[Date "2014.04.17"]
[Round "3"]
[White "Yanayt, Eugene"]
[Black "Ostrovskiy, Aleksandr"]
[Result "1/2-1/2"]
[WhiteElo "2237"]
[BlackElo "2442"]
[PlyCount "138"]
[EventDate "2014.04.??"]
[EventType "swiss"]
[EventRounds "9"]
[EventCountry "USA"]
[Source "MonRoi"]

1. Nf3 d5 2. c4 c6 3. Qb3 Nf6 4. g3 e6 5. Bg2 Be7 6. O-O O-O 7. d4 Nbd7 8. Rd1
b6 9. Nc3 Ba6 10. Nd2 b5 11. c5 e5 12. e3 Re8 13. a4 Qa5 14. Qc2 b4 15. Nb3 Qc7
16. Na2 Bc4 17. a5 Reb8 18. Bd2 Rb5 19. Bf1 Bxf1 20. Rxf1 Rab8 21. Nac1 e4 22.
Ra4 Nf8 23. f4 exf3 24. Nd3 Ne6 25. Rxf3 Ng5 26. Rf1 Nge4 27. Ne5 Nxc5 28. Nxc5
Bxc5 29. Rc1 Ne4 30. Be1 f6 31. Nd3 b3 32. Qe2 Bd6 33. Nf2 Nxf2 34. Qxf2 Qd7
35. Raa1 a6 36. Qf3 Re8 37. Rc3 Bc7 38. Rd3 Bd6 39. Qd1 Qb7 40. Rc1 Bc7 41.
Rdc3 Re6 42. Qg4 Rd6 43. Rxc6 Rxc6 44. Qd7 Bd6 45. Qe8+ Bf8 46. Rxc6 Qf7 47.
Qxf7+ Kxf7 48. Rxa6 Bb4 49. Rb6 Rxb6 50. axb6 Bd6 51. Kf1 Ke6 52. Ke2 Kd7 53.
Kd3 Kc6 54. Kc3 Kxb6 55. Kxb3 Kb5 56. h3 h5 57. g4 hxg4 58. hxg4 g6 59. Kc2 f5
60. gxf5 gxf5 61. b3 f4 62. exf4 Bxf4 63. Kd3 Bd6 64. Ke3 Bb4 65. Bd2 Bd6 66.
Kd3 Be7 67. Bc3 Bf6 68. Ke3 Bg7 69. Kd3 Bf6 1/2-1/2

[Event "8th Philadelphia Open"]
[Site "Philadelphia"]
[Date "2014.04.17"]
[Round "3"]
[White "Mulyar, Michael"]
[Black "Checa, Nicolas"]
[Result "1-0"]
[WhiteElo "2430"]
[BlackElo "2054"]
[PlyCount "53"]
[EventDate "2014.04.??"]
[EventType "swiss"]
[EventRounds "9"]
[EventCountry "USA"]
[Source "MonRoi"]

1. d4 d5 2. Nf3 Nf6 3. c4 c6 4. e3 Bf5 5. Nc3 e6 6. Nh4 Be4 7. f3 Bg6 8. Qb3
Qc7 9. Bd2 Be7 10. O-O-O Nbd7 11. Nxg6 hxg6 12. cxd5 exd5 13. Kb1 b5 14. Rc1
Qb7 15. e4 a6 16. exd5 cxd5 17. g4 Nb6 18. Nxb5 axb5 19. Bxb5+ Nbd7 20. Bf4 Rc8
21. Rxc8+ Qxc8 22. Rc1 Qa8 23. g5 Nh5 24. Bxd7+ Kxd7 25. Qb5+ Kd8 26. Bc7+ Kc8
27. Ba5+ 1-0

[Event "8th Philadelphia Open"]
[Site "Philadelphia"]
[Date "2014.04.17"]
[Round "3"]
[White "Chandra, Akshat"]
[Black "Yuvarajan, Prathiba"]
[Result "1-0"]
[WhiteElo "2370"]
[BlackElo "2191"]
[PlyCount "93"]
[EventDate "2014.04.??"]
[EventType "swiss"]
[EventRounds "9"]
[EventCountry "USA"]
[Source "MonRoi"]

1. e4 e5 2. Nf3 Nc6 3. Bb5 a6 4. Ba4 Nf6 5. O-O b5 6. Bb3 Be7 7. Re1 O-O 8. h3
Bb7 9. d3 a5 10. a4 b4 11. Nbd2 d5 12. exd5 Nxd5 13. Nxe5 Nxe5 14. Rxe5 Nf4 15.
Nf3 Ng6 16. Re1 Bf6 17. Nd2 Re8 18. Ne4 Bxe4 19. dxe4 Qe7 20. Rb1 Rad8 21. Qh5
c5 22. Bd5 Qc7 23. Be3 Be5 24. Kh1 Bf4 25. g3 Bxe3 26. Rxe3 Re5 27. Qf3 Re7 28.
Kg2 Qe5 29. Qe2 Kh8 30. f4 Qc7 31. c4 bxc3 32. bxc3 Qd7 33. Qb5 Qc7 34. Qb6 Qc8
35. c4 h5 36. Reb3 Kh7 37. Qb8 Qd7 38. Qb5 Qc7 39. Qb6 Qd7 40. Qxa5 h4 41. f5
Ne5 42. Rb7 Qe8 43. Qb5 hxg3 44. Qxe8 Rdxe8 45. a5 Nd3 46. Rxe7 Rxe7 47. Bb7
1-0

[Event "8th Philadelphia Open"]
[Site "Philadelphia"]
[Date "2014.04.17"]
[Round "3"]
[White "Abe, Mahiro"]
[Black "Homa, Seth"]
[Result "0-1"]
[WhiteElo "2082"]
[BlackElo "2343"]
[PlyCount "138"]
[EventDate "2014.04.??"]
[EventType "swiss"]
[EventRounds "9"]
[EventCountry "USA"]
[Source "MonRoi"]

1. e4 c5 2. c3 d5 3. exd5 Qxd5 4. d4 Nf6 5. Nf3 e6 6. Na3 Qd8 7. Nc2 Nc6 8. Bd3
cxd4 9. Ncxd4 Nxd4 10. Nxd4 a6 11. O-O Qc7 12. Re1 Bd7 13. Qe2 O-O-O 14. a4 Kb8
15. Bxa6 bxa6 16. Qxa6 Nd5 17. Re4 Bc5 18. Qe2 Rc8 19. a5 Ka8 20. Qf3 Bxd4 21.
Rxd4 Bc6 22. Qd1 Rhd8 23. c4 Nb4 24. Bf4 Rxd4 25. Qxd4 Rd8 26. Qe3 Qd7 27. Qb3
Qd3 28. Qxb4 Qe4 29. f3 Qxf4 30. Kf1 Qxh2 31. Qb6 Qh1+ 32. Kf2 Qh4+ 33. Ke3
Qg5+ 34. Kf2 Qd2+ 35. Kf1 Qd3+ 36. Ke1 Qd2+ 37. Kf1 Qd3+ 38. Ke1 Rd6 39. Qa6+
Kb8 40. Qb6+ Bb7 41. Qc5 Rc6 42. Qe5+ Ka7 43. a6 Bc8 44. Qxg7 Qxc4 45. Qxf7+
Rc7 46. Qf6 Bxa6 47. Qe5 Qb4+ 48. Kf2 Qc5+ 49. Qxc5+ Rxc5 50. b4 Rc2+ 51. Kg3
Kb6 52. Rh1 Bd3 53. Re1 Bf5 54. Re5 Rb2 55. Kh2 Kc6 56. Rc5+ Kd6 57. Rb5 Bd3
58. Rb6+ Ke5 59. Kg1 Kf5 60. Rb7 Kf4 61. Rd7 Bf5 62. Kh2 Rxb4 63. Rf7 Rb2 64.
Ra7 e5 65. Ra4+ e4 66. fxe4 Bxe4 67. Kh3 Rb3+ 68. Kh2 Re3 69. Rb4 h5 0-1

[Event "8th Philadelphia Open"]
[Site "Philadelphia"]
[Date "2014.04.17"]
[Round "3"]
[White "Gorman, Dov"]
[Black "Mujumdar, Sameer"]
[Result "1-0"]
[WhiteElo "2236"]
[BlackElo "2111"]
[PlyCount "113"]
[EventDate "2014.04.??"]
[EventType "swiss"]
[EventRounds "9"]
[EventCountry "USA"]
[Source "MonRoi"]

1. Nf3 g6 2. c4 Bg7 3. Nc3 c5 4. g3 Nc6 5. Bg2 e5 6. O-O Nge7 7. d3 d6 8. a3
O-O 9. Rb1 a5 10. Bd2 h6 11. Ne1 Rb8 12. Nc2 Be6 13. b4 axb4 14. axb4 b6 15. b5
Nd4 16. Ne3 Ndf5 17. Ned5 Nxd5 18. cxd5 Bd7 19. e3 Qc7 20. Qb3 Ne7 21. f4 exf4
22. gxf4 Nf5 23. Ne4 Rfe8 24. Rfe1 Nh4 25. Bh1 Bf5 26. Rbc1 Bxe4 27. dxe4 Qd7
28. Qd1 f5 29. exf5 Nxf5 30. Qg4 Qf7 31. Bg2 Ra8 32. e4 Nd4 33. e5 Nb3 34. Rcd1
Nxd2 35. Rxd2 Qf5 36. Qxf5 gxf5 37. Rde2 Red8 38. Bh3 Ra4 39. exd6 Rxd6 40.
Re8+ Kf7 41. R1e7+ Kf6 42. Re6+ Rxe6 43. Rxe6+ Kf7 44. Bxf5 Bf6 45. Rxb6 Rxf4
46. Rb7+ Ke8 47. Be6 Be5 48. Bd7+ Kd8 49. Bc6 Kc8 50. Re7 Bd6 51. Rd7 Be5 52.
b6 Rf8 53. Re7 Bf6 54. Rc7+ Kd8 55. d6 Bd4+ 56. Kg2 c4 57. b7 1-0

[Event "8th Philadelphia Open"]
[Site "Philadelphia"]
[Date "2014.04.17"]
[Round "3"]
[White "Most, Eric"]
[Black "Patil, Anuprita"]
[Result "1/2-1/2"]
[WhiteElo "2161"]
[BlackElo "2060"]
[PlyCount "91"]
[EventDate "2014.04.??"]
[EventType "swiss"]
[EventRounds "9"]
[EventCountry "USA"]
[Source "MonRoi"]

1. e4 c5 2. Nf3 e6 3. d4 cxd4 4. Nxd4 Qb6 5. Nb3 Qc7 6. Nc3 a6 7. a4 Nf6 8. Qf3
Nc6 9. Bf4 d6 10. Bd3 Be7 11. O-O O-O 12. a5 Ne5 13. Qe2 Bd7 14. Be3 Rac8 15.
Bb6 Qb8 16. f4 Nxd3 17. Qxd3 Bc6 18. f5 e5 19. Nd2 Bd8 20. Nc4 Bxb6+ 21. axb6
Rfd8 22. Ne3 Rd7 23. g4 Re8 24. g5 Nh5 25. Ned5 Nf4 26. Rxf4 exf4 27. f6 Re5
28. h4 Qe8 29. fxg7 Bxd5 30. Nxd5 Qe6 31. Nf6+ Kxg7 32. Qf3 Kh8 33. Nxd7 Qxd7
34. Qxf4 Qe6 35. Ra4 Kg7 36. Rd4 d5 37. Rxd5 Qxb6+ 38. Kg2 Rxd5 39. exd5 Qxb2
40. Qe4 Qc3 41. h5 Qd2+ 42. Kh3 Qxg5 43. Qd4+ Kf8 44. Qc5+ Kg7 45. Qd4+ Kf8 46.
Qc5+ 1/2-1/2

[Event "8th Philadelphia Open"]
[Site "Philadelphia"]
[Date "2014.04.17"]
[Round "3"]
[White "Zheng, Andrew"]
[Black "Balakrishnan, Praveen"]
[Result "0-1"]
[WhiteElo "2005"]
[BlackElo "2138"]
[PlyCount "76"]
[EventDate "2014.04.??"]
[EventType "swiss"]
[EventRounds "9"]
[EventCountry "USA"]
[Source "MonRoi"]

1. e4 c6 2. d4 d5 3. Nc3 dxe4 4. Nxe4 Bf5 5. Ng3 Bg6 6. Nf3 Nd7 7. h4 h6 8. h5
Bh7 9. Bd3 Bxd3 10. Qxd3 e6 11. Bd2 Ngf6 12. O-O-O Be7 13. Nf1 c5 14. Bc3 O-O
15. Ne3 Qc7 16. d5 exd5 17. Nxd5 Nxd5 18. Qxd5 Rad8 19. Qc4 Bf6 20. Rd5 b5 21.
Qb3 b4 22. Bxf6 Nxf6 23. Re5 Ng4 24. Re2 Qf4+ 25. Kb1 Rfe8 26. Rxe8+ Rxe8 27.
Qa4 Re2 28. Qxa7 Nxf2 29. Rc1 Ne4 30. a4 Rxg2 31. a5 Qxf3 32. a6 Qe3 33. Ka2
b3+ 34. cxb3 Qd4 35. Rb1 Qb4 36. Rc1 Qa5+ 37. Kb1 Nd2+ 38. Kc2 Nxb3+ 0-1

[Event "8th Philadelphia Open"]
[Site "Philadelphia"]
[Date "2014.04.18"]
[Round "4.1"]
[White "Panchanathan, Magesh"]
[Black "Dobrov, Vladimir"]
[Result "1-0"]
[WhiteElo "2557"]
[BlackElo "2511"]
[PlyCount "131"]
[EventDate "2014.04.??"]
[EventType "swiss"]
[EventRounds "9"]
[EventCountry "USA"]
[Source "MonRoi"]
[WhiteClock "0:26:08"]
[BlackClock "0:08:46"]

1. Nf3 d5 2. d4 Nf6 3. c4 e6 4. g3 dxc4 5. Qa4+ Nbd7 6. Bg2 a6 7. Nc3 Rb8 8.
Qxc4 b5 9. Qd3 Bb7 10. O-O c5 11. dxc5 Bxc5 12. Bf4 Rc8 13. Ng5 Bxg2 14. Kxg2
e5 15. Be3 Bxe3 16. Qxe3 Ng4 17. Qd2 Nb6 18. Qxd8+ Rxd8 19. Rfd1 Ke7 20. h3 Nf6
21. Nce4 Rxd1 22. Rxd1 Rc8 23. Nd6 Rc2 24. Nf5+ Ke8 25. Nxg7+ Kf8 26. Nf5 Nfd7
27. Rd6 Rxb2 28. Nxh7+ Kg8 29. Nf6+ Nxf6 30. Rxb6 Ne4 31. Rxa6 Rxe2 32. Kf3 Nc3
33. Rc6 e4+ 34. Kg4 b4 35. a3 Rxf2 36. Kg5 Rd2 37. axb4 Nb5 38. Rc8+ Kh7 39.
Re8 Rd5 40. Rxe4 Nd6 41. Rf4 Rb5 42. g4 Kg8 43. Kf6 Ne8+ 44. Ke7 Nc7 45. Kd6
Ne6 46. Nh6+ Kg7 47. Rxf7+ Kxh6 48. Kxe6 Rxb4 49. Kf5 Rb5+ 50. Kf4 Rb3 51. h4
Rb1 52. Rf6+ Kg7 53. Kg5 Rb4 54. Rf5 Rb6 55. h5 Ra6 56. h6+ Kh7 57. Rf7+ Kg8
58. Re7 Ra5+ 59. Kg6 Ra6+ 60. Kh5 Ra5+ 61. g5 Ra6 62. g6 Ra5+ 63. Kg4 Ra4+ 64.
Kf5 Ra5+ 65. Re5 Ra8 66. Kg5 1-0

[Event "8th Philadelphia Open"]
[Site "Philadelphia"]
[Date "2014.04.18"]
[Round "4.3"]
[White "Mandizha, Farai"]
[Black "Oleksienko, Mikhailo"]
[Result "0-1"]
[WhiteElo "2385"]
[BlackElo "2618"]
[PlyCount "90"]
[EventDate "2014.04.??"]
[EventType "swiss"]
[EventRounds "9"]
[EventCountry "USA"]
[Source "MonRoi"]
[WhiteClock "0:10:52"]
[BlackClock "0:03:39"]

1. d4 d6 2. e4 Nf6 3. Nc3 g6 4. Bg5 c6 5. Qd2 Bg7 6. f4 b5 7. Bd3 O-O 8. Nf3
Qc7 9. O-O Nbd7 10. f5 b4 11. Ne2 c5 12. c3 bxc3 13. bxc3 Bb7 14. Ng3 Qa5 15.
Rab1 Rab8 16. Rb5 Qc7 17. Bh6 cxd4 18. cxd4 a6 19. Rb3 Ba8 20. fxg6 hxg6 21.
Bxg7 Kxg7 22. e5 Nh7 23. Nh5+ gxh5 24. Bxh7 Rxb3 25. Qg5+ Kxh7 26. Qf5+ Kh6 27.
Ng5 Rf3 28. Nxf3 Bxf3 29. Qf4+ Kg6 30. Rxf3 Nxe5 31. Qf5+ Kg7 32. dxe5 Qc5+ 33.
Kh1 Qxe5 34. Rg3+ Kh6 35. Qf1 Rc8 36. Rf3 Qb2 37. Qxa6 Rc1+ 38. Rf1 Qxa2 39.
Qd3 Rxf1+ 40. Qxf1 Qe6 41. h4 Kg6 42. Kh2 Qe4 43. g3 d5 44. Qc1 f6 45. Qc8 Kg7
0-1

[Event "8th Philadelphia Open"]
[Site "Philadelphia"]
[Date "2014.04.18"]
[Round "4"]
[White "Paragua, Mark"]
[Black "Mulyar, Michael"]
[Result "1-0"]
[WhiteElo "2495"]
[BlackElo "2430"]
[PlyCount "139"]
[EventDate "2014.04.??"]
[EventType "swiss"]
[EventRounds "9"]
[EventCountry "USA"]
[Source "MonRoi"]

1. d4 d5 2. Bg5 h6 3. Bh4 c6 4. Nf3 Qb6 5. Qc1 Bg4 6. Nbd2 Nd7 7. e3 e6 8. c4
Bxf3 9. Nxf3 Bb4+ 10. Nd2 Ngf6 11. c5 Qa5 12. Bd3 b6 13. cxb6 axb6 14. a3 c5
15. Rb1 Bxd2+ 16. Qxd2 Qa4 17. Bc2 Qa6 18. f3 O-O 19. Kf2 Rfc8 20. Rhc1 Qa5 21.
Qxa5 Rxa5 22. Ke2 Raa8 23. Bd3 c4 24. Bc2 b5 25. Be1 Nb8 26. a4 bxa4 27. Ra1
Rc7 28. Rxa4 Rxa4 29. Bxa4 Rb7 30. Bc3 Na6 31. Ra1 Nb4 32. Kd2 g5 33. Bd1 Kg7
34. Ra3 Rb8 35. b3 cxb3 36. Rxb3 Nc6 37. Rxb8 Nxb8 38. Kd3 Nc6 39. e4 Ne7 40.
g3 Ng6 41. Ke3 Kg8 42. Ba5 Kf8 43. h3 Nh5 44. Kf2 Nf6 45. Bc2 Kg7 46. Bd8 Nf8
47. Ke3 Nh5 48. Bc7 Nf6 49. Bb3 N8d7 50. Bd8 dxe4 51. fxe4 e5 52. d5 Nc5 53.
Bc2 Nfd7 54. Be7 f6 55. Bd1 Kf7 56. Bd6 Nb7 57. Bh5+ Kg7 58. Be7 Nb6 59. Be8
Nc8 60. Bb4 Ncd6 61. Bc6 Kg6 62. g4 h5 63. Kd3 hxg4 64. hxg4 Kf7 65. Kc2 Kg7
66. Kb3 Kg6 67. Ka4 Kf7 68. Bxb7 Nxb7 69. Kb5 Nd8 70. Kb6 1-0

[Event "8th Philadelphia Open"]
[Site "Philadelphia"]
[Date "2014.04.18"]
[Round "4"]
[White "Troff, Kayden"]
[Black "Margvelashvili, Giorgi"]
[Result "1/2-1/2"]
[WhiteElo "2477"]
[BlackElo "2546"]
[PlyCount "79"]
[EventDate "2014.04.??"]
[EventType "swiss"]
[EventRounds "9"]
[EventCountry "USA"]
[Source "MonRoi"]

1. d4 Nf6 2. c4 e6 3. g3 Bb4+ 4. Bd2 Qe7 5. Nf3 Bxd2+ 6. Qxd2 Nc6 7. Nc3 d5 8.
Bg2 dxc4 9. e3 Rb8 10. O-O O-O 11. Qe2 b5 12. Nd2 Na5 13. Nce4 Nxe4 14. Bxe4 f5
15. Bg2 c5 16. d5 Rd8 17. dxe6 Bxe6 18. e4 Nc6 19. exf5 Bxf5 20. Qxe7 Nxe7 21.
Ne4 Bxe4 22. Bxe4 Nc8 23. Rfe1 Nb6 24. Bc6 a6 25. Re7 Rd6 26. Bb7 Nd5 27. Bxd5+
Rxd5 28. Rae1 Rbd8 29. R1e6 R5d6 30. Re5 Rd1+ 31. Kg2 R1d2 32. Rxc5 Rf8 33. Kh3
Rdxf2 34. Ra7 R2f6 35. Rcc7 Rg6 36. a4 Rb8 37. axb5 axb5 38. Rc5 h6 39. Rd7 Kh7
40. Rdd5 1/2-1/2

[Event "8th Philadelphia Open"]
[Site "Philadelphia"]
[Date "2014.04.18"]
[Round "4"]
[White "Li, Ruifeng"]
[Black "Friedel, Joshua"]
[Result "1/2-1/2"]
[WhiteElo "2253"]
[BlackElo "2500"]
[PlyCount "91"]
[EventDate "2014.04.??"]
[EventType "swiss"]
[EventRounds "9"]
[EventCountry "USA"]
[Source "MonRoi"]

1. e4 e5 2. Nf3 Nc6 3. Bb5 a6 4. Ba4 Nf6 5. O-O Be7 6. Nc3 b5 7. Bb3 d6 8. a4
b4 9. Nd5 Rb8 10. d3 Na5 11. Ba2 Nxd5 12. Bxd5 c6 13. Ba2 c5 14. Bd5 O-O 15.
Be3 Be6 16. Bxe6 fxe6 17. Nd2 Nc6 18. c3 bxc3 19. bxc3 Qd7 20. Rb1 d5 21. Qg4
d4 22. cxd4 cxd4 23. Bh6 Bf6 24. Nc4 Nb4 25. Rb3 Kh8 26. Bd2 Qxa4 27. Rfb1 a5
28. Nxa5 Qxa5 29. Bxb4 Qa2 30. R3b2 Qa6 31. Qd1 Rfc8 32. g3 h6 33. Kg2 Rb6 34.
Be1 Rxb2 35. Rxb2 Kh7 36. Qb3 Ra8 37. Bd2 Qc6 38. Ra2 Rc8 39. Rb2 Qa6 40. Rc2
Ra8 41. Rb2 Qa1 42. Rb1 Qa3 43. h4 h5 44. Kf1 Qxb3 45. Rxb3 Ra2 46. Ke1 1/2-1/2

[Event "8th Philadelphia Open"]
[Site "Philadelphia"]
[Date "2014.04.18"]
[Round "4"]
[White "Ostrovskiy, Aleksandr"]
[Black "Aquino, Jose"]
[Result "1/2-1/2"]
[WhiteElo "2442"]
[BlackElo "2244"]
[PlyCount "89"]
[EventDate "2014.04.??"]
[EventType "swiss"]
[EventRounds "9"]
[EventCountry "USA"]
[Source "MonRoi"]

1. e4 e5 2. Nf3 Nc6 3. Bb5 a6 4. Ba4 Nf6 5. O-O Be7 6. Re1 b5 7. Bb3 d6 8. c3
O-O 9. h3 Na5 10. Bc2 c5 11. d4 Qc7 12. Nbd2 Re8 13. Nf1 Bf8 14. Bg5 Nd7 15.
Ne3 Nb6 16. b3 Nc6 17. d5 Ne7 18. a4 Ng6 19. a5 Nd7 20. Nf1 h6 21. Be3 Nf6 22.
N3h2 Be7 23. Qd2 Nh5 24. Bd1 Nhf4 25. Ng3 Bd7 26. Nh5 Bg5 27. Bg4 Bxg4 28. hxg4
c4 29. b4 Nd3 30. Bxg5 hxg5 31. Qxg5 Nxe1 32. Rxe1 Qe7 33. Qe3 Nf8 34. Ng3 g6
35. Nf3 Nh7 36. Qh6 Kh8 37. Kh2 Rg8 38. Rh1 Rg7 39. Kg1 Kg8 40. Nf1 f6 41. Ne3
Rf8 42. Nh4 Qe8 43. Nf3 Qe7 44. Nh4 Qe8 45. Nf3 1/2-1/2

[Event "8th Philadelphia Open"]
[Site "Philadelphia"]
[Date "2014.04.18"]
[Round "4"]
[White "Song, Edward"]
[Black "Sharma, Arun"]
[Result "1/2-1/2"]
[WhiteElo "2239"]
[BlackElo "2398"]
[PlyCount "148"]
[EventDate "2014.04.??"]
[EventType "swiss"]
[EventRounds "9"]
[EventCountry "USA"]
[Source "MonRoi"]

1. e4 c5 2. Nf3 d6 3. d4 cxd4 4. Nxd4 Nf6 5. Nc3 a6 6. Be2 e6 7. Be3 Be7 8. O-O
O-O 9. f4 Qc7 10. g4 Nc6 11. g5 Nd7 12. Bd3 Re8 13. Qh5 g6 14. Qh4 b5 15. Rae1
Bf8 16. Nxc6 Qxc6 17. Nd1 Bg7 18. b3 Bb7 19. Rf3 f5 20. Rh3 Nf8 21. Bf2 Qc7 22.
Rhe3 Qc6 23. Kf1 Rac8 24. Qh3 fxe4 25. Bxe4 d5 26. Bg2 Qxc2 27. R3e2 Qf5 28.
Qg3 Qf7 29. Ne3 Rc3 30. Qh4 d4 31. Ng4 d3 32. Rd2 Rd8 33. Qg3 Bxg2+ 34. Kxg2
Rd5 35. Red1 Qd7 36. Qf3 e5 37. fxe5 Bxe5 38. Nxe5 Rxe5 39. Rxd3 Rxg5+ 40. Kh1
Rxd3 41. Rxd3 Rf5 42. Rxd7 Rxf3 43. Rd2 Ne6 44. Kg2 Rc3 45. Bg3 Nc5 46. Be5 Rc1
47. Bb2 Rb1 48. Bd4 Ne4 49. Re2 Nd6 50. Re6 Nf5 51. Bf2 Rb2 52. Rxa6 Ne3+ 53.
Kf3 Nd1 54. Ra8+ Kf7 55. Bg3 Nc3 56. Be5 Rxa2 57. Rb8 Rc2 58. Rc8 b4 59. Rc4
Ke6 60. Bg3 Kd5 61. Rxb4 Ne2 62. Bf2 Nc1 63. Rb7 h5 64. Rd7+ Ke6 65. Rg7 Kf5
66. Rf7+ Ke5 67. b4 Nd3 68. Bg3+ Ke6 69. Rg7 Kf6 70. Rb7 g5 71. Rb6+ Kf7 72.
Rb7+ Ke6 73. Rb6+ Ke7 74. Rb7+ Ke8 1/2-1/2